000 00311nam a2200121 a 4500
005 20140414131900.0
008 100916s19uu xx 00 eng d
050 _aFIC
_bB35 1997
100 _aBulla, Clyde Robert
245 _aThe poppy seeds.
260 _aNew York :
_bPenguin Books,
_c1997.
999 _c110634
_d110634